Telltale TWD characters season 1 and 2 - Statystyki

Ogólne statystyki
  • Ten quiz został rozwiązany 15 razy
    8 od ostatniego zresetowania
  • Średni wynik to 42 z 100
Statystyki odpowiedzi
Character % Poprawnych
Clementine
100%
Duck
100%
Glenn
100%
Hershel
100%
Kenny
100%
Lee
100%
Andre
67%
B.
67%
Carley
67%
Chet
67%
Diana
67%
Doug
67%
Ed
67%
Katjaa
67%
Larry
67%
Lilly
67%
Mr. Everett
67%
Mrs. Everett
67%
Police officer
67%
Sandra
67%
Sarah
67%
Shawn
67%
AJ
33%
Alvin
33%
Andy
33%
Arvo
33%
Becca
33%
Ben
33%
Bennett
33%
Bonnie
33%
Boyd
33%
Brenda
33%
Brie
33%
Buricko
33%
Carlos
33%
Carver
33%
Christa
33%
Chuck
33%
Clive
33%
Clyde
33%
Crawford
33%
Danny
33%
David
33%
Dee
33%
Drew
33%
Eddie
33%
Edith
33%
Gary
33%
Gill
33%
Irene
33%
Jake
33%
Jane
33%
Jean
33%
Jerry
33%
Johnny
33%
Jolene
33%
Joyce
33%
Justin
33%
Leland
33%
Linda
33%
Luke
33%
Marcus
33%
Mark
33%
Matthew
33%
Maybelle
33%
Mike
33%
Molly
33%
Natasha
33%
Nate
33%
Nick
33%
Omid
33%
Patricia
33%
Pete
33%
Ralph
33%
Randy
33%
Rebecca
33%
Reggie
33%
Roberto
33%
Roman
33%
Russell
33%
Sam
33%
Sarita
33%
Shel
33%
Stephanie
33%
Stranger
33%
Tavia
33%
Terry
33%
Travis
33%
Troy
33%
Vernon
33%
Victor
33%
Vince
33%
Vitali
33%
Walt
33%
Walter
33%
Winston
33%
Wyatt
33%
Beatrice
0%
Michelle
0%
Nie znaleziono quizów pasujących do podanych kryteriów
Rozkład punktacji
Procent ludzi z każdym wynikiem
Percentyl według liczby udzielonych odpowiedzi
Twoja historia wyników
Nie rozwiązałeś tego quizu od ostatniego zresetowania